[Event "Hannover"]
[Site "Hannover"]
[Date "1983.??.??"]
[Round "5"]
[White "Giorgadze, Tamaz"]
[Black "Kavalek, Lubomir"]
[Result "1-0"]
[WhiteElo "2495"]
[BlackElo "2560"]

1.d4 Nf6 2.c4 e6 3.Nc3 Bb4 4.Nf3 b6 5.Qb3 Bxc3+ 6.Qxc3 Bb7 7.g3 d6 8.Bg2 O-O
9.O-O Nbd7 10.b3 Be4 11.Bb2 Qc8 12.Bh3 c6 13.Nd2 Bg6 14.Ba3 c5 15.Bg2 Rb8
16.e4 e5 17.dxe5 dxe5 18.f4 h6 19.fxe5 Nh7 20.Nf3 Re8 21.Bb2 Nhf8 22.Rae1 Qc7
23.Bh3 Re7 24.Bf5 Rbe8 25.Qd2 Ne6 26.Qd6 Ndf8 27.Qxc7 Rxc7 28.Rd1 Nd8 29.Rd6 Nc6
30.Rfd1 Ne7 31.Nh4 Bh5 32.Rd8 Bxd1 33.Rxe8 g6 34.Bh3 Bc2 35.Bc1 Kg7 36.e6 Nxe6
37.Bb2+ Nd4 38.Nf3 Nc6 39.Kf2 f6 40.Nxd4 Nxd4 41.Ke3 Bb1 42.Bxd4 cxd4+ 43.Kxd4 Bxa2
44.Kc3 Bb1 45.Bg2 Rd7 46.b4 h5 47.Bh3 Rc7 48.Kd4 Kf7 49.Rd8 Re7 50.Bg2 Bc2
51.c5 Ba4 52.Rc8 Bd7 53.Rc7 Be6 54.cxb6 axb6 55.Rc6 Rd7+ 56.Ke3 b5 57.Bf1 Rb7
58.Rc5 Bd7 59.h4 Ke7 60.Kd4 Rb6 61.e5 g5 62.Be2 gxh4 63.gxh4 Be8 64.Bxh5 Bxh5
65.exf6+ Rxf6 66.Rxh5 Kd6 67.Rd5+ Kc6 68.Ke5 Rf1 69.Rd6+ Kc7 70.Rd4 Kc6 71.Rf4 Rh1
72.Ke6 Rh2 73.Kf6 Kd5 74.Kg5 Rg2+ 75.Rg4 Re2 76.h5 Re5+ 77.Kg6 Re6+ 78.Kg5 Re5+  1-0

[Event "Hannover"]
[Site "Hannover"]
[Date "1983.??.??"]
[Round "12"]
[White "Balashov, Yuri S"]
[Black "Sosonko, Gennadi"]
[Result "1/2-1/2"]
[WhiteElo "2545"]
[BlackElo "2575"]

1.d4 Nf6 2.c4 e6 3.Nc3 Bb4 4.Nf3 c5 5.e3 d5 6.Bd3 O-O 7.O-O cxd4 8.exd4 dxc4
9.Bxc4 b6 10.Bg5 Bb7 11.Rc1 Nbd7 12.Re1 Rc8 13.Qe2 Re8 14.Bd3 Be7 15.Bb5 Nd5
16.Nxd5 Bxg5 17.Rxc8 Bxc8 18.Nxg5 Qxg5 19.Ne3 Nf6 20.Qc4  1/2-1/2

[Event "Hannover"]
[Site "Hannover"]
[Date "1983.??.??"]
[Round "15"]
[White "Giorgadze, Tamaz"]
[Black "Ostermeyer, Peter"]
[Result "1/2-1/2"]
[WhiteElo "2495"]
[BlackElo "2450"]

1.d4 Nf6 2.c4 e6 3.Nc3 Bb4 4.Nf3 c5 5.g3 cxd4 6.Nxd4 Ne4 7.Qd3 Qa5 8.Nb3 Nxc3
9.Bd2 Ne4 10.Qxe4 Bxd2+ 11.Nxd2 Nc6 12.Bg2 O-O 13.Qe3 d5 14.O-O d4 15.Qd3 Rd8
16.a3 Ne5 17.Qc2 Qc7 18.Qe4 a5 19.b3 Ra7 20.e3 dxe3 21.Qxe3 b6 22.Rfe1 Nd3
23.Red1 Qc5 24.Qxc5 Nxc5 25.Bc6 Kf8 26.Ne4 Rxd1+ 27.Rxd1 Ke7 28.Nxc5 bxc5
29.f4  1/2-1/2

[Event "Havana-B"]
[Site "Havana"]
[Date "1983.??.??"]
[Round "1"]
[White "Vera, Reynaldo"]
[Black "Cruz Lima, Jose M"]
[Result "0-1"]
[WhiteElo "2420"]
[BlackElo "2325"]

1.d4 Nf6 2.c4 e6 3.Nc3 Bb4 4.Nf3 b6 5.e3 Bb7 6.Bd3 O-O 7.O-O d5 8.cxd5 exd5
9.Bd2 Nbd7 10.Rc1 Qe7 11.a3 Bxc3 12.Bxc3 Ne4 13.b4 c6 14.Be1 Rfc8 15.Rc2 Nd6
16.Bc3 Nc4 17.Bxc4 dxc4 18.Re1 b5 19.e4 a5 20.h4 Rd8 21.Qc1 axb4 22.axb4 Nf8
23.Qb2 Rd6 24.h5 Re6 25.Rce2 Re8 26.Re3 Qd8 27.Qe2 Nd7 28.Nd2 Nb6 29.Qg4 Bc8
30.Qg3 g6 31.R3e2 f5 32.e5 Na4 33.f4 Kh8 34.hxg6 Rxg6 35.Qe3 Qd5 36.Nf3 Bb7
37.Rf2 Rg4 38.Ba1 Bc8 39.Nh2 Rg7 40.Rc1 Nb6 41.Qd2 Be6 42.Nf1 Ra8 43.Ne3 Qd8
44.Bc3 Nd5 45.Nxd5 Bxd5 46.Ra1 Rc8 47.Ra6 Qh4 48.Qa2 Rcg8 49.Ra8 Qxf2+ 50.Kxf2 Rxg2+
51.Kf1 Rxa2 52.Rxa2 Rg3 53.Be1 Rg4 54.Ra8+ Kg7 55.Ra7+ Kg6 56.Bd2 Rg3 57.Ke2 h5
58.Be1 Rf3 59.Bh4 Rxf4 60.Bf6 Re4+ 61.Kf2 Rxd4 62.Rg7+ Kh6 63.e6 Rf4+ 64.Kg3 Rf3+
65.Kh4 Bxe6 66.Bc3 f4  0-1

[Event "URS-ch sf"]
[Site "Minsk"]
[Date "1983.??.??"]
[Round "?"]
[White "Ubilava, Elizbar"]
[Black "Rozentalis, Eduardas"]
[Result "1-0"]
[WhiteElo "2445"]
[BlackElo "2200"]

1.d4 Nf6 2.c4 e6 3.Nc3 Bb4 4.Nf3 b6 5.Qb3 Qe7 6.g3 Ne4 7.Bg2 Bb7 8.O-O Bxc3
9.bxc3 Nc6 10.Ba3 d6 11.Qc2 Na5 12.Ne5 f5 13.Qa4+ Kf8 14.Bxe4 Bxe4 15.c5 g6
16.c4 Kg7 17.cxd6 cxd6 18.c5 dxe5 19.cxb6 Qf6 20.dxe5 Qxe5 21.Qd7+ Kh6 22.Bc1+ g5
23.h4 f4 24.hxg5+ Kg6 25.Bxf4 Qf5 26.Rac1 Rhd8 27.Qc7 axb6 28.f3 Bb7 29.Qxb6 Rd7
30.Rc5 Ra6 31.Rxf5 Rxb6 32.Rxa5 Rb2 33.Kf2 Rd3 34.Be3 Rc3 35.Re5 Kf7 36.Rh1 Ba6
37.Bd4  1-0

[Event "URS-ch sf"]
[Site "Minsk"]
[Date "1983.??.??"]
[Round "?"]
[White "Ubilava, Elizbar"]
[Black "Kupreichik, Viktor D"]
[Result "0-1"]
[WhiteElo "2445"]
[BlackElo "2480"]

1.d4 Nf6 2.c4 e6 3.Nc3 Bb4 4.Nf3 d5 5.Bg5 h6 6.Bxf6 Qxf6 7.e3 O-O 8.Rc1 Rd8
9.Qb3 c5 10.dxc5 Nc6 11.Be2 dxc4 12.Bxc4 Qg6 13.O-O Bxc5 14.Rfd1 Be7 15.Bb5 Qh5
16.Rxd8+ Nxd8 17.Qa4 a6 18.Be2 Nc6 19.Nd4 Qc5 20.Nxc6 bxc6 21.Qd1 Rb8 22.b3 Qe5
23.Na4 c5 24.Bf3 a5 25.g3 Ba6 26.Qd7 Qf6 27.Qa7 Rd8 28.Kg2 e5 29.Nb6 e4 30.Bxe4 Rd2
31.Bf3 Rxf2+ 32.Kxf2 Qb2+ 33.Be2 Qxe2+ 34.Kg1 Qxe3+ 35.Kg2 Qe2+ 36.Kg1 Bg5
37.Qa8+ Kh7 38.Ra1 Qe3+  0-1

[Event "Paris"]
[Site "Paris"]
[Date "1983.??.??"]
[Round "?"]
[White "Flear, Glenn C"]
[Black "Lobron, Eric"]
[Result "0-1"]
[WhiteElo "2445"]
[BlackElo "2515"]

1.d4 Nf6 2.c4 e6 3.Nc3 Bb4 4.Nf3 c5 5.e3 Nc6 6.Bd3 Bxc3+ 7.bxc3 d6 8.O-O e5
9.Ng5 O-O 10.f4 exd4 11.cxd4 cxd4 12.exd4 d5 13.Ba3 Re8 14.Qb1 Ne4 15.cxd5 Nxg5
16.dxc6 Qxd4+ 17.Kh1 Nh3 18.Bxh7+ Kh8 19.gxh3 Be6 20.Be4 Bd5 21.Bg2 Re2 22.Rg1 Qd2
23.Qf1 bxc6 24.Rd1 Rxg2 25.Rxg2 Bxg2+ 26.Kg1 Qxa2 27.Qxg2 Qxa3 28.Qxc6 Qe3+
29.Kg2 Qe2+ 30.Kg3 Re8 31.Qd7 Re3+ 32.Kh4 Qf2+ 33.Kg5 Re6 34.Qxf7 Qg2+ 35.Kf5 Qxh3+
36.Kg5 Qg2+ 37.Kf5 Rf6+ 38.Qxf6 gxf6 39.Rd8+ Kg7 40.Rd7+ Kh6 41.Kxf6 Qc6+
42.Ke7 Qe4+  0-1

[Event "EU-chT Plovdiv"]
[Site "Plovdiv"]
[Date "1983.??.??"]
[Round "3"]
[White "Jakobsen, Ole"]
[Black "Adorjan, Andras"]
[Result "0-1"]
[WhiteElo "2445"]
[BlackElo "2530"]

1.d4 Nf6 2.c4 e6 3.Nc3 Bb4 4.Nf3 c5 5.e3 Nc6 6.Bd2 cxd4 7.exd4 O-O 8.a3 Bxc3
9.Bxc3 b6 10.Bd3 d5 11.b3 a5 12.a4 Ba6 13.O-O Rc8 14.Rc1 Qe7 15.Re1 Rfd8
16.Bb2 Qb7 17.Bb1 Ne7 18.Ne5 dxc4 19.bxc4 Ng6 20.Bd3 Qe7 21.d5 Nxe5 22.Rxe5 Qb4
23.Bc3 Qd6 24.Rg5 exd5 25.Be5 Qe7 26.Qf3 Rc6 27.Re1 h6 28.Rg3 Re6 29.Qf5 dxc4
30.Rxg7+ Kf8 31.Bc2 Rd5 32.f4 Rdxe5 33.fxe5 Kxg7 34.exf6+ Qxf6 35.Qh7+ Kf8
36.Rf1 Qd4+ 37.Kh1 Qf2 38.Qxh6+ Rxh6 39.Rxf2 Re6 40.h4 Rd6 41.g4 Rd4 42.Bg6 Bb7+
43.Kh2 Bd5 44.Kg3 c3 45.Bc2 b5 46.axb5 a4 47.h5 a3 48.h6 a2 49.h7 Kg7 50.Bf5 Rxg4+  0-1

[Event "EU-chT Plovdiv"]
[Site "Plovdiv"]
[Date "1983.??.??"]
[Round "6"]
[White "Keene, Raymond D"]
[Black "Psakhis, Lev"]
[Result "0-1"]
[WhiteElo "2490"]
[BlackElo "2580"]

1.Nf3 Nf6 2.c4 e6 3.Nc3 Bb4 4.d4 c5 5.e3 Nc6 6.Bd3 Bxc3+ 7.bxc3 d6 8.e4 e5
9.h3 h6 10.Qe2 O-O 11.dxe5 dxe5 12.Nd2 Qa5 13.Bb2 b6 14.O-O Ba6 15.a4 Bb7
16.Rfd1 Qa6 17.Nf1 Ne7 18.Qc2 Ng6 19.g3 Rad8 20.f3 Ne8 21.Ne3 Nd6 22.Rd2 Bc6
23.Bf1 Ne7 24.Qd1 Nb7 25.Nd5 Nc8 26.Bc1 Bxd5 27.cxd5 c4 28.a5 Nxa5 29.Ba3 Nd6
30.Bb4 Qb7 31.Rda2 f5 32.Qe2 fxe4 33.fxe4 Rf6 34.h4 Qb8 35.Bh3 Nb3 36.Re1 Qc7
37.Be6+ Kh7 38.Qh5 a5 39.Ba3 Nc5 40.Bxc5 Qxc5+ 41.Kg2 Re8 42.Rd2 b5  0-1

[Event "EU-chT Plovdiv"]
[Site "Plovdiv"]
[Date "1983.??.??"]
[Round "7"]
[White "Jakobsen, Ole"]
[Black "Ree, Hans"]
[Result "1/2-1/2"]
[WhiteElo "2445"]
[BlackElo "2500"]

1.d4 Nf6 2.c4 e6 3.Nc3 Bb4 4.Nf3 b6 5.Bd2 Bb7 6.a3 Bxc3 7.Bxc3 Ne4 8.Qc2 O-O
9.g3 Nxc3 10.Qxc3 a5 11.b3 c5 12.Bg2 cxd4 13.Qxd4 Qc7 14.O-O Na6 15.Rac1 Nc5
16.Nd2 Bxg2 17.Kxg2 d6 18.b4 axb4 19.axb4 Na6 20.Rb1 Rfd8 21.e4 Nb8 22.Ra1 Nc6
23.Qc3 h6 24.Kg1 Qb7 25.Rfd1 Rxa1 26.Rxa1 Ra8 27.Rxa8+ Qxa8 28.b5 Ne5 29.f4 Ng4
30.Qd4 Qb8 31.h3 e5 32.Qd3 Nf6 33.f5 Qc7  1/2-1/2

[Event "Prague"]
[Site "Prague"]
[Date "1983.??.??"]
[Round "13"]
[White "Tseitlin, Mikhail S"]
[Black "Prandstetter, Eduard"]
[Result "1/2-1/2"]
[WhiteElo "2475"]
[BlackElo "2430"]

1.d4 Nf6 2.c4 e6 3.Nc3 Bb4 4.Nf3 c5 5.g3 cxd4 6.Nxd4 O-O 7.Bg2 d5 8.cxd5 Nxd5
9.Bd2 Nxc3 10.bxc3 Ba5 11.O-O e5 12.Nb3 Bb6 13.c4  1/2-1/2

[Event "Rome"]
[Site "Rome"]
[Date "1983.??.??"]
[Round "?"]
[White "Pinter, Jozsef"]
[Black "Lobron, Eric"]
[Result "1/2-1/2"]
[WhiteElo "2535"]
[BlackElo "2515"]

1.d4 Nf6 2.c4 e6 3.Nc3 Bb4 4.Nf3 c5 5.e3 Nc6 6.Bd3 Bxc3+ 7.bxc3 d6 8.O-O e5
9.Nd2 O-O 10.d5 Ne7 11.f3 Bd7 12.e4 Qc7 13.a4 h6 14.Rf2 Nh7 15.Qc2 Rae8 16.f4 Kh8
17.f5 Ng8 18.Nf1 Qd8 19.Ne3 g5 20.Qb1 Bc8 21.Bd2 Ngf6 22.Qc1 Rg8 23.Nf1 Nh5
24.g3 Nf4 25.Bxf4 gxf4 26.Kh1 Rg7 27.Raa2 Reg8 28.Rg2 Rg4 29.Be2 R4g7 30.Bd3 Rg4
31.Be2  1/2-1/2

[Event "URS-FL"]
[Site "Tallinn"]
[Date "1983.??.??"]
[Round "?"]
[White "Ubilava, Elizbar"]
[Black "Lerner, Konstantin Z"]
[Result "1/2-1/2"]
[WhiteElo "2465"]
[BlackElo "2495"]

1.d4 Nf6 2.c4 e6 3.Nc3 Bb4 4.Nf3 c5 5.g3 Ne4 6.Qd3 Qa5 7.Qxe4 Bxc3+ 8.Bd2 Bxd2+
9.Nxd2 Qb6 10.dxc5 Qxb2 11.Rb1 Qa3 12.Bg2 Qxc5 13.O-O Nc6 14.Rfd1 O-O 15.Rb5 Qe7
16.Nf3 b6 17.Ne5 Rb8 18.Nxc6 dxc6 19.Qxc6 Ba6 20.Rb2 Rbc8 21.Qd7 Qa3 22.Rbd2 Bxc4
23.Bb7 Rc5 24.Qe7 Ra5 25.Qh4 Bd5 26.Bxd5 Rxd5 27.Qc4 Rc5 28.Qb3 Qa6 29.Qf3 h6
30.h4 Qc4 31.a3 Rf5 32.Qe3 h5 33.Rd7 Qa4 34.R1d4 Qa5 35.Kg2 Rc8 36.Rd8+ Rxd8
37.Rxd8+ Kh7 38.Rd7 g6 39.Qd3 Qc5 40.f3 a5  1/2-1/2

[Event "URS-FL"]
[Site "Tallinn"]
[Date "1983.??.??"]
[Round "?"]
[White "Ubilava, Elizbar"]
[Black "Polovodin, Igor A"]
[Result "1/2-1/2"]
[WhiteElo "2465"]
[BlackElo "2435"]

1.d4 Nf6 2.c4 e6 3.Nc3 Bb4 4.Nf3 c5 5.g3 O-O 6.Bg2 cxd4 7.Nxd4 d5 8.Qb3 Bxc3+
9.bxc3 dxc4 10.Qa3 Qb6 11.Be3 Qa6 12.Qxa6 Nxa6 13.Nb5 Nd5 14.Bd4 b6 15.O-O Bd7
16.Nd6 Bc6 17.Nxc4 Ne7 18.a4 Bxg2 19.Kxg2 Rfc8 20.Nd6 Rd8 21.Nb5 Nc6 22.Rfd1 Kf8
23.Rd3 f6 24.Rad1 Ke7 25.Be3 Rxd3 26.exd3 Nc5 27.Nc7 Rc8 28.Nb5 a6 29.Bxc5+ bxc5
30.Na3 Rb8 31.Nc4 Kd7 32.Kf3 Rb3 33.Rc1 Ne7 34.Nd2 Ra3 35.Nc4 Rb3 36.Nd2 Ra3
37.Nc4 Rb3  1/2-1/2

[Event "Tbilisi"]
[Site "Tbilisi"]
[Date "1983.??.??"]
[Round "?"]
[White "Ubilava, Elizbar"]
[Black "Sturua, Zurab"]
[Result "1-0"]
[WhiteElo "2465"]
[BlackElo "2450"]

1.d4 Nf6 2.c4 e6 3.Nc3 Bb4 4.Nf3 c5 5.g3 Ne4 6.Qd3 d5 7.Bg2 Qa5 8.O-O Bxc3
9.bxc3 Qxc3 10.Ba3 Qxc4 11.Qxc4 dxc4 12.Rfc1 f5 13.dxc5 Nc6 14.Rxc4 Bd7 15.Rd1 O-O-O
16.Bb2 Rhg8 17.h4 h6 18.Nd4 Ne5 19.Rcc1 Ba4 20.Re1 Rge8 21.Nb3 Rd5 22.f3 Nxg3
23.e4 Nd3 24.exd5 Nxb2 25.Kh2 Nh5 26.Rxe6 Nf4 27.Rxe8+ Bxe8 28.Re1 Kd8 29.Na5  1-0

[Event "Tbilisi"]
[Site "Tbilisi"]
[Date "1983.??.??"]
[Round "?"]
[White "Zaichik, Gennadi"]
[Black "Karner, Hillar"]
[Result "1-0"]
[WhiteElo "2480"]
[BlackElo "2415"]

1.d4 Nf6 2.c4 e6 3.Nf3 Bb4+ 4.Nc3 c5 5.e3 Nc6 6.Bd3 d6 7.Bd2 e5 8.d5 Bxc3
9.Bxc3 Ne7 10.Nd2 O-O 11.Qc2 Re8 12.b3 b5 13.O-O b4 14.Bb2 Ng6 15.a3 bxa3
16.Rxa3 Ng4 17.h3 Nh6 18.Bxg6 hxg6 19.e4 Qg5 20.Kh1 Qh4 21.Qc3 g5 22.b4 g4
23.bxc5 dxc5 24.Qg3 Qh5 25.f4 exf4 26.Rxf4 Rb8 27.Bc3 g5 28.Rf1 gxh3 29.Kg1 hxg2
30.Kxg2 Rb7 31.Ra6 Rb2 32.Bxb2 Bxa6 33.Qc3 Qg4+ 34.Kh1 Qh4+ 35.Kg1 Qg4+ 36.Kf2 f6
37.Rg1 Qh4+ 38.Ke2 Ng4 39.Qf3 Bc8 40.Rh1 Nh2 41.Qxf6 Rxe4+ 42.Kd3 Re3+ 43.Kc2  1-0

[Event "Tbilisi"]
[Site "Tbilisi"]
[Date "1983.??.??"]
[Round "?"]
[White "Ubilava, Elizbar"]
[Black "Foisor, Ovidiu"]
[Result "0-1"]
[WhiteElo "2465"]
[BlackElo "2460"]

1.d4 Nf6 2.c4 e6 3.Nc3 Bb4 4.Nf3 c5 5.g3 Nc6 6.Bg2 Ne4 7.Bd2 Nxd2 8.Qxd2 cxd4
9.Nxd4 Ne5 10.b3 Qa5 11.Rc1 a6 12.O-O O-O 13.Qc2 Ra7 14.Nb1 b6 15.Rfd1 Be7
16.Qc3 Bb4 17.Qb2 Be7 18.Rc2 Bb7 19.Nc3 Bxg2 20.Kxg2 Ba3 21.Qa1 Rc7 22.Nb1 Be7
23.a3 Ng4 24.Qa2 Rfc8 25.Rcd2 Qh5 26.Nf3 Nf6 27.Rd4 b5 28.Nbd2 d5 29.Rh4 Qg6
30.Ne5 Qf5 31.Ndf3 g5 32.g4 Qf4 33.e3 Qe4 34.Rd4 gxh4 35.Rxe4 Nxe4 36.Qb1 bxc4
37.bxc4 f6 38.Qb6 Nc5 39.Nd3 Rc6 40.Qa7 R6c7 41.Qb6 Rb7 42.Qa5 Nxd3 43.Nd4 Rb2
44.Qxa6 Rxf2+ 45.Kh3 Rxc4 46.Qxe6+ Kf8 47.Qd7 Rxd4 48.exd4 f5 49.gxf5 h5
50.Qc8+ Kg7 51.f6+ Bxf6 52.Qb7+ Kh6  0-1

[Event "Varna"]
[Site "Varna"]
[Date "1983.??.??"]
[Round "6"]
[White "Inkiov, Ventzislav"]
[Black "Lalev, Dimitar"]
[Result "1-0"]
[WhiteElo "2500"]
[BlackElo "2385"]

1.d4 Nf6 2.Nf3 e6 3.c4 Bb4+ 4.Nc3 c5 5.e3 Nc6 6.Bd3 Bxc3+ 7.bxc3 d6 8.O-O e5
9.Nd2 O-O 10.d5 Ne7 11.f3 Bf5 12.e4 Bd7 13.Rf2 Ne8 14.Qc2 h6 15.Rb1 b6 16.g3 f5
17.exf5 Bxf5 18.Ne4 Nf6 19.f4 Nxe4 20.Bxe4 Qd7 21.Bd2 exf4 22.Bxf4 Rf6 23.Re1 Raf8
24.Bxf5 Rxf5 25.Re6 R5f6 26.Rfe2 Nc8 27.h4 Qf7 28.Kg2 Qh5 29.Rxf6 Rxf6 30.Qe4 Qg4
31.Re1 Rf7 32.Qe6 Qxe6 33.Rxe6 Rd7  1-0

[Event "Albena"]
[Site "Albena"]
[Date "1984.??.??"]
[Round "?"]
[White "Lechtynsky, Jiri"]
[Black "Pils, Walter"]
[Result "1/2-1/2"]
[WhiteElo "2440"]
[BlackElo "2370"]

1.d4 Nf6 2.c4 e6 3.Nf3 Bb4+ 4.Nc3 c5 5.g3 O-O 6.Bg2 d5 7.cxd5 Nxd5 8.Bd2 cxd4
9.Nxd5 Bxd2+ 10.Qxd2 Qxd5 11.Qxd4 Qa5+ 12.Qd2 Qb6 13.O-O Nc6 14.Rfd1 e5 15.Qc3 Bg4
16.Nxe5 Nxe5 17.Qxe5 Rfe8 18.Qd4 Rxe2 19.Qxb6 axb6 20.h3 Be6 21.b3 g6 22.Rd6 Rc8
23.Rxb6 Rcc2 24.a4 Rxf2 25.Be4 Rb2 26.g4 Rfd2 27.Rxb7 Bd5 28.Bxd5 Rxd5 29.Rf1 Rdd2
30.Rfxf7 Rd1+ 31.Rf1 Rdd2 32.Rf3 Rd1+ 33.Rf1 Rdd2  1/2-1/2

[Event "Albena"]
[Site "Albena"]
[Date "1984.??.??"]
[Round "?"]
[White "Azmaiparashvili, Zurab"]
[Black "Lechtynsky, Jiri"]
[Result "1/2-1/2"]
[WhiteElo "2450"]
[BlackElo "2440"]

1.c4 Nf6 2.d4 e6 3.Nc3 Bb4 4.Nf3 c5 5.g3 Ne4 6.Qd3 Qa5 7.Qxe4 Bxc3+ 8.Bd2 Bxd2+
9.Nxd2 Nc6 10.d5 Nd4 11.Kd1 d6 12.e3 Nf5 13.dxe6 Bxe6 14.Bh3 d5 15.cxd5 Rd8
16.b4 Qa4+ 17.Qc2 Nxe3+ 18.fxe3 Qxc2+ 19.Kxc2 Bxh3 20.e4 cxb4 21.Rab1 f5
22.Rxb4 O-O 23.Rd4 fxe4 24.Nxe4 Bf5 25.Re1 Rfe8 26.Kd3 b5 27.g4 Bg6 28.h4 h6
29.h5 Bh7 30.Re3 Re5 31.d6 Kf7 32.Kc3 a5 33.a3 Bxe4 34.Rexe4 Rxe4 35.Rxe4 Rxd6
36.Re5 b4+ 37.axb4 axb4+ 38.Kc2 Rd4 39.g5 hxg5 40.Rf5+ Kg8 41.Rxg5 Rh4 42.Kb3 Kh7
43.Ka4 Rf4 44.Kb3 Rf7 45.Kxb4 Kh6 46.Rg1 Rf5 47.Rg6+ Kh7 48.Kc4 Rxh5 49.Rg1 Rf5
50.Kd3 g5 51.Ke2 Kg6 52.Rf1 Ra5 53.Kf3 Rf5+ 54.Kg2 Rxf1 55.Kxf1 Kf5 56.Kg1  1/2-1/2

[Event "URS-ch sf"]
[Site "Barnaul"]
[Date "1984.??.??"]
[Round "?"]
[White "Rashkovsky, Nukhim N"]
[Black "Kharitonov, Andrei Y"]
[Result "1/2-1/2"]
[WhiteElo "2470"]
[BlackElo "2455"]

1.d4 Nf6 2.c4 e6 3.Nc3 Bb4 4.Nf3 b6 5.Qc2 Bb7 6.e3 O-O 7.Bd3 c5 8.a3 Bxc3+
9.Qxc3 d6 10.b3 Nbd7 11.Bb2 Rc8 12.O-O Qe7 13.Rfe1 cxd4 14.Nxd4 Nc5 15.b4  1/2-1/2

[Event "Belgrade"]
[Site "Belgrade"]
[Date "1984.??.??"]
[Round "?"]
[White "Lukacs, Peter"]
[Black "Knezevic, Milorad"]
[Result "1/2-1/2"]
[WhiteElo "2470"]
[BlackElo "2450"]

1.d4 Nf6 2.c4 e6 3.Nf3 Bb4+ 4.Nc3 O-O 5.Bg5 c5 6.e3 cxd4 7.exd4 Be7 8.Bd3 d6
9.O-O Nbd7 10.Re1 b6 11.Rc1 Bb7 12.h3 Rc8 13.b4 a6 14.a3 Re8 15.Bf4 Bf8 16.Bh2 g6
17.Nd2 e5  1/2-1/2

[Event "Alfoldi mem (Women)"]
[Site "Budapest"]
[Date "1984.??.??"]
[Round "?"]
[White "Alekhina, Natalia V"]
[Black "Grosch, Maria"]
[Result "1/2-1/2"]
[WhiteElo "2120"]
[BlackElo "2065"]

1.d4 Nf6 2.c4 e6 3.Nc3 Bb4 4.Nf3 b6 5.Qb3 c5 6.g3 cxd4 7.Qxb4 Nc6 8.Qa3 dxc3
9.Qxc3 O-O 10.Bg2 Ba6 11.O-O Rc8  1/2-1/2

[Event "Politiken Cup"]
[Site "Copenhagen"]
[Date "1984.??.??"]
[Round "6"]
[White "Jacoby, Gisbert"]
[Black "Bator, Robert"]
[Result "1/2-1/2"]
[WhiteElo "2245"]
[BlackElo "2365"]

1.d4 Nf6 2.c4 e6 3.Nc3 Bb4 4.Nf3 b6 5.Qb3 c5 6.a3 Ba5 7.dxc5 bxc5 8.Bd2 Nc6
9.O-O-O O-O 10.Bf4 d5 11.e3 d4 12.exd4 cxd4 13.Nb5 Bb6 14.Bd6 Re8 15.c5 Ne4
16.Qc2 Nxd6 17.Nxd6 Re7 18.Kb1 Ba5 19.Nxd4 Nxd4 20.Rxd4  1/2-1/2

[Event "Politiken Cup"]
[Site "Copenhagen"]
[Date "1984.??.??"]
[Round "8"]
[White "Jacoby, Gisbert"]
[Black "Kovacs, Laszlo M"]
[Result "1/2-1/2"]
[WhiteElo "2245"]
[BlackElo "2345"]

1.d4 Nf6 2.c4 e6 3.Nc3 Bb4 4.Nf3 c5 5.e3 Nc6 6.Bd3 d5 7.O-O dxc4 8.Bxc4 cxd4
9.exd4 O-O 10.Bg5 Be7 11.a3 Nd5 12.Bxd5 exd5 13.Bxe7 Nxe7 14.Qb3 b6 15.Rfe1 Be6
16.Ne5 Nf5 17.Qa4 a6 18.Rac1 b5 19.Qd1 Rc8 20.Qd2 Qb6 21.Ne2 h6 22.b3 a5
23.Qb2 b4 24.a4 Rxc1 25.Rxc1 Rc8 26.Rxc8+ Bxc8 27.Nd3 g5 28.Nc5 Qf6 29.Qd2 Nh4
30.Qe3  1/2-1/2

[Event "Politiken Cup"]
[Site "Copenhagen"]
[Date "1984.??.??"]
[Round "9"]
[White "Van der Sterren, Paul"]
[Black "Bjarnason, Saevar"]
[Result "1-0"]
[WhiteElo "2475"]
[BlackElo "2375"]

1.d4 Nf6 2.c4 e6 3.Nf3 Bb4+ 4.Nc3 O-O 5.Bg5 h6 6.Bh4 c5 7.d5 exd5 8.cxd5 d6
9.e3 Nbd7 10.Be2 Qa5 11.O-O Bxc3 12.bxc3 Qxc3 13.Rc1 Qa5 14.Nd2 Re8 15.a4 Qc7
16.Nc4 b6 17.f3 Bb7 18.e4 Nh7 19.Bg3 Ne5 20.Ne3 f6 21.Bb5 Red8 22.f4 Nf7
23.Nf5 Bc8 24.Nd4 a6 25.Bd3 Nf8 26.Nc6 Re8 27.e5 dxe5 28.fxe5 fxe5 29.Qh5 Bb7
30.Bc4 Nd6 31.Bxe5 Rxe5 32.Nxe5 b5 33.Ba2 c4 34.Kh1 Bxd5 35.Nxc4 Be6 36.Ne3 Qd7
37.Nd5 Rc8 38.Rxc8 Nxc8 39.a5 Nd6 40.Qf3 Ng6 41.Nb6 Qe7 42.Re1 Nf8 43.Bxe6+ Nxe6
44.Qb3 Kf7 45.Nd5 Qh4 46.Qf3+ Kg8 47.Rxe6  1-0

[Event "Grindavik"]
[Site "Grindavik"]
[Date "1984.??.??"]
[Round "11"]
[White "Lombardy, William James"]
[Black "Arnason, Jon L"]
[Result "1/2-1/2"]
[WhiteElo "2505"]
[BlackElo "2500"]

1.d4 Nf6 2.c4 e6 3.Nc3 Bb4 4.Nf3 b6 5.Bg5 h6 6.Bh4 Bb7 7.e3 g5 8.Bg3 Ne4
9.Qc2 Bxc3+ 10.bxc3 Nxg3 11.fxg3 Nc6 12.Bd3 Qe7 13.O-O O-O-O 14.a4 d6 15.e4 Na5
16.Rf2  1/2-1/2

[Event "Hamburg op"]
[Site "Hamburg"]
[Date "1984.??.??"]
[Round "3"]
[White "Cordes, Hans Joerg"]
[Black "Horvath, Tamas"]
[Result "1-0"]
[WhiteElo "2275"]
[BlackElo "2415"]

1.d4 Nf6 2.c4 e6 3.Nc3 Bb4 4.Nf3 c5 5.g3 cxd4 6.Nxd4 Ne4 7.Qd3 Bxc3+ 8.bxc3 Nc5
9.Qf3 d6 10.Nb3 Bd7 11.Qg4 Qf6 12.Qd4 Bc6 13.f3 Nbd7 14.Bg2 e5 15.Qe3 b6
16.Nd4 Bb7 17.Nb5 Ke7 18.O-O a6 19.Nc7 Rac8 20.Nd5+ Bxd5 21.cxd5 Na4 22.Bd2 Rc4
23.f4 Rhc8 24.Rac1 Kf8 25.Bh3 Nac5 26.fxe5 Qxe5 27.Qf3 Qe8 28.Bf4 Nb7 29.Bf5 Kg8
30.Bd3 Ra4 31.Qh5 Nf8 32.Rf3  1-0

[Event "Jajce (Women)"]
[Site "Jajce"]
[Date "1984.??.??"]
[Round "?"]
[White "Fischdick, Gisela"]
[Black "Maksimovic, Suzana"]
[Result "1/2-1/2"]
[WhiteElo "2215"]
[BlackElo "2000"]

1.d4 Nf6 2.c4 e6 3.Nc3 Bb4 4.Nf3 c5 5.g3 Ne4 6.Bd2 Bxc3 7.Bxc3 Nxc3 8.bxc3 O-O
9.Bg2 Nc6 10.O-O b6 11.dxc5 bxc5 12.Qd6 Qe7 13.Qxe7 Nxe7 14.Rab1 Ba6 15.Ne5 Rad8
16.Bb7 f6 17.Bxa6 fxe5 18.Rb7 Nc6 19.Rd1 Nb8 20.Rxa7 Nxa6 21.Rxa6 Ra8 22.Rxa8 Rxa8
23.Rxd7 Rxa2 24.Rc7 Rxe2 25.Rxc5 Re1+ 26.Kg2 e4 27.Rc7 Rc1 28.c5 Rc2 29.Kf1 h5
30.h4 Kh7 31.c6 Kg6 32.Rc8 Rxc3 33.c7 Rc2 34.Ke1 e5 35.Kd1 Rc4 36.Kd2 Kh7
37.Ke3 Kg6 38.Re8 Rxc7 39.Rxe5 Rc2 40.Rxe4 Kf6 41.Ra4 g6 42.f3  1/2-1/2

[Event "SWE-ch"]
[Site "Linkoping"]
[Date "1984.??.??"]
[Round "?"]
[White "Svenn, Gosta"]
[Black "Renman, Nils Gustaf"]
[Result "1/2-1/2"]
[WhiteElo "2230"]
[BlackElo "2420"]

1.d4 e6 2.c4 Nf6 3.Nf3 Bb4+ 4.Nc3 c5 5.e3 Bxc3+ 6.bxc3 d6 7.Bd3 Nc6 8.O-O h6
9.Nd2 e5 10.Ne4 O-O 11.dxc5 dxc5 12.Nxc5 Qa5 13.Ne4 Nxe4 14.Bxe4 Qxc3 15.Qb3 Qa5
16.Ba3 Rd8 17.Bd5 Qc7 18.Rfc1 Rb8 19.Rab1 b6 20.Qc3 Bb7 21.Bb2 Rbc8 22.f4 Re8
23.Rf1 Na5 24.Rbc1 Bxd5 25.cxd5 Qxc3 26.Rxc3 exf4 27.exf4 Rxc3 28.Bxc3 Nc4
29.Rd1 f6 30.Kf2 Kf7 31.Rd4 Rc8 32.a4 Ke8 33.Ke2 Kd7 34.Kd3 Nd6 35.g4 f5
36.Rb4 g6 37.gxf5 gxf5 38.Bg7 h5 39.Be5 Rc5 40.Kd4 Rc2 41.Bxd6 Kxd6 42.a5 bxa5
43.Rb5 Ra2 44.h4 Ra4+ 45.Ke3 a6 46.Rb8 Kxd5 47.Rd8+ Kc6 48.Rf8 Rc4 49.Rxf5 Rc5
50.Rg5 a4 51.Kd4 Rb5 52.Kc4 a3 53.Rg6+ Kb7 54.Rg3 Ra5 55.Rg7+ Kc8 56.Rg1 a2
57.Ra1 Kb7 58.Kd4 Kc6 59.f5 Kd6 60.Kc4 Ke5 61.Kb4 Rb5+ 62.Kc3 Rc5+ 63.Kb3 Kxf5
64.Rxa2 Kg4 65.Ra4+ Kg3 66.Kb2 a5 67.Kb3 Rc8 68.Kb2 Rc7 69.Kb3 Rc6 70.Kb2 Kh3
71.Kb3 Rc5 72.Kb2 Rc7 73.Kb3 Rc6 74.Kb2 Rc8  1/2-1/2

[Event "London P&D Knights"]
[Site "London"]
[Date "1984.??.??"]
[Round "10"]
[White "Fischdick, Gisela"]
[Black "Littlewood, Paul E"]
[Result "1/2-1/2"]
[WhiteElo "2215"]
[BlackElo "2435"]

1.d4 Nf6 2.c4 e6 3.Nc3 Bb4 4.Nf3 c5 5.g3 Ne4 6.Bd2 Bxc3 7.bxc3 O-O 8.Bg2 Nxd2
9.Qxd2 Nc6 10.O-O d6 11.Rfd1 Qa5 12.d5 Nd8 13.dxe6 Bxe6 14.Ng5 Bxc4 15.Qc2 f5
16.Rxd6 h6 17.Nh3 Ne6 18.Bxb7 Rad8 19.Rxd8 Rxd8 20.Bf3 Qa3 21.Kg2 a5 22.Nf4 Nxf4+
23.gxf4 Be6 24.Rb1 a4 25.Rb2 Rd6 26.h4 g6 27.Kh2 h5 28.Kg3 Kg7 29.Kh2 Bc4
30.Kg2 Bf7 31.Rb7 Kf6 32.Rb2 Be6 33.Kh2 Bc4 34.Kg2 Be6 35.Kh2 Kg7 36.Kg3 Kh6
37.Kg2 Bf7 38.Kg3 Bg8 39.Kg2 Bf7 40.Kg3 Bg8 41.Kh2 Bf7  1/2-1/2

[Event "Moscow-ch"]
[Site "Moscow"]
[Date "1984.??.??"]
[Round "?"]
[White "Rashkovsky, Nukhim N"]
[Black "Kholmov, Ratmir D"]
[Result "1/2-1/2"]
[WhiteElo "2470"]
[BlackElo "2465"]

1.d4 Nf6 2.c4 e6 3.Nc3 Bb4 4.Nf3 c5 5.g3 d5 6.cxd5 Nxd5 7.Bd2 cxd4 8.Nxd5 Bxd2+
9.Qxd2 Qxd5 10.Qxd4 Qxd4 11.Nxd4 Bd7 12.Bg2 Nc6 13.Nxc6 Bxc6 14.Bxc6+ bxc6
15.O-O-O Rd8 16.e4 Ke7 17.Kc2 e5 18.Rxd8 Rxd8 19.Rd1 Rf8 20.Rd3 f5 21.exf5 Rxf5
22.Rd2 Rf3 23.Kd1 Ke6 24.Ke2 Rf8 25.Rc2 Kd5 26.Rd2+ Ke6 27.Rc2 Kd5 28.b3 g5
29.Rc4 h5 30.Rb4 Rf7 31.Rb8 Rh7 32.Ke3 g4 33.Rf8 Ke6 34.Ke4 Rb7 35.Rh8 Rb4+
36.Kd3 a5 37.Rxh5 a4 38.Kc3 axb3 39.axb3 Re4 40.Rh6+ Kd5 41.Rg6 Re2 42.Rxg4 Rxf2
43.h4 Rf3+ 44.Kc2 Rf2+ 45.Kd3 Rf3+  1/2-1/2